| 000 | 01137pam a2200289 a 4500 | ||
|---|---|---|---|
| 001 | 1142479 | ||
| 003 | OSt | ||
| 005 | 20150526183500.0 | ||
| 008 | 950419s1995 nyuab b 001 0 eng | ||
| 010 | _a 95010975 | ||
| 020 | _a0716724375 | ||
| 040 |
_aDLC _cDLC _dDLC |
||
| 050 | 0 | 0 |
_aQE601 _b.M65 1995 |
| 082 | 0 | 0 |
_a551.8 MOO 1995 _220 |
| 100 | 1 |
_aMoores, Eldridge M., _d1938- _94958 |
|
| 245 | 1 | 0 |
_aTectonics / _cEldridge M. Moores, Robert J. Twiss. |
| 260 |
_aNew York : _bW.H. Freeman & Co., _cc1995. |
||
| 300 |
_axi, 415 p. : _bill., maps ; _c29 cm. |
||
| 504 | _aIncludes bibliographical references (p. 392-402) and index. | ||
| 650 | 0 |
_aGeology, Structural. _94959 |
|
| 700 | 1 |
_aTwiss, Robert J. _94960 |
|
| 856 | 4 | 2 |
_3Publisher description _uhttp://www.loc.gov/catdir/enhancements/fy1003/95010975-d.html |
| 856 | 4 | 1 |
_3Table of contents only _uhttp://www.loc.gov/catdir/enhancements/fy1003/95010975-t.html |
| 906 |
_a7 _bcbc _corignew _d1 _eocip _f19 _gy-gencatlg |
||
| 942 |
_2z _cSLOAN |
||
| 999 |
_c1887 _d1887 |
||